al-ʻAsṛ al-Islāmī /

محفوظ في:

المؤلف الرئيسي: Ḍayf, Shawqī (مؤلف)

التنسيق: كتاب

اللغة: Arabic

منشور في: [al-Qāhirah] : Dār al-Maʻārif, [1963].

الطبعة: al-Tạbʻah 3.

سلاسل: Tārīkh al-adab al-ʻArabī ; 2.

الموضوعات:

الوسوم: إضافة وسم

لا توجد وسوم, كن أول من يضع وسما على هذه التسجيلة!

رقم الطلب: PJ7529 .D3 1963

LEADER 01223nam a2200277Ia 4500
003 OSt
005 20231012085759.0
008 130303s1963 ua b 000 0 ara d
952 |0 0  |1 0  |2 lcc  |4 0  |6 PJ7529 D3 01963  |7 1  |9 50405  |a ARCE  |b ARCE  |d 2023-10-12  |l 0  |o PJ7529 .D3 1963  |p 1028471  |r 2023-10-12 00:00:00  |w 2023-10-12  |y BK 
999 |c 30388  |d 30388 
010 |a ne 64002007 
040 |c ARCE Library 
050 4 |a PJ7529 .D3 1963 
100 1 |6 880-01  |a Ḍayf, Shawqī,   |e author  |9 28763 
245 1 3 |a al-ʻAsṛ al-Islāmī /   |c Taʼlīf Shawqī Dạyf.  
250 |a al-Tạbʻah 3. 
264 1 |a [al-Qāhirah] :   |b Dār al-Maʻārif,   |c [1963]. 
300 |a 491 pages ;  |c 24 cm.  
490 1 |a Tārīkh al-adab al-ʻArabī ;   |v 2. 
504 |a Bibliographical footnotes. 
650 0 |a Arabic literature  |x History and criticism. 
830 0 |a Tārīkh al-adab al-ʻArabī ;   |v 2. 
880 1 |6 100-01/(3/r  |a ضيف، شوقي 
880 1 2 |6 245-02/(3/r  |a العصر الإسلامي   |c تأليف شوقي ضيف. ‪‪‪‪‪‪‪‪‪‪‪‪‪‪‪‪‪‪‪‪‪‪‪‪‪‪‪‪‪‪‪‪‪‪‪‪‪‪‪‪‪‪‪‪‪‪‪‪‪‪‪‪‪‪‪‪‪‪‪‪‪‪ 
901 |a reviewed 
942 |c BK  |2 lcc